[Event "EU-Cup 38th"]
[Site "Durres"]
[Date "2023.10.04"]
[Round "4.1"]
[White "Mamedov, Rauf"]
[Black "Ten Hertog, Hugo"]
[Result "1-0"]
[WhiteElo "2640"]
[BlackElo "2525"]
[PlyCount "75"]
[EventDate "2023.10.01"]
[EventType "team-swiss"]
[EventRounds "7"]
[EventCountry "ALB"]
[SourceTitle "EXT 2024"]
[Source "ChessBase"]
[SourceDate "2023.10.10"]
[SourceVersion "1"]
[SourceVersionDate "2023.10.10"]
[SourceQuality "1"]
[WhiteTeam "Vugar Gashimov"]
[BlackTeam "Paul Keres"]
[WhiteTeamCountry "AZE"]
[BlackTeamCountry "NED"]

1. e4 c6 2. Nf3 d5 3. d3 g6 4. e5 c5 5. c3 Nc6 6. d4 Bg4 7. Bb5 Qb6 8. Bxc6+ bxc6 9. dxc5 Qxc5 10. Nbd2 Bg7 11. Qa4 Nh6 12. h3 Bd7 13. Nb3 Qb6 14. Be3 Qc7 15. Nc5 Nf5 16. Bf4 e6 17. 0-0 0-0 18. Nd4 Ne7 19. Rfe1 h6 20. h4 a5 21. Qc2 Rfb8 22. Qd2 Kh7 23. b4 Nc8 24. h5 g5 25. Bg3 axb4 26. cxb4 Nb6 27. Rac1 Nc4 28. Rxc4 dxc4 29. Qc2+ Kg8 30. Qxc4 Rd8 31. a4 Bc8 32. Nc2 Bf8 33. Ne4 Bg7 34. Ne3 Rxa4 35. Ng4 Ba6 36. Nef6+ Kf8 37. Qc5+ Qe7 38. Nh7+ 1-0

[Event "NED-chT 2324"]
[Site "Netherlands"]
[Date "2023.09.16"]
[Round "1.3"]
[White "Ten Hertog, Hugo"]
[Black "Van Tellingen, Frank"]
[Result "1-0"]
[WhiteElo "2523"]
[BlackElo "2279"]
[PlyCount "65"]
[EventDate "2023.09.16"]
[EventType "team-tourn"]
[EventRounds "9"]
[EventCountry "NED"]
[SourceTitle "EXT 2024"]
[Source "ChessBase"]
[SourceDate "2023.10.10"]
[SourceVersion "1"]
[SourceVersionDate "2023.10.10"]
[SourceQuality "1"]
[WhiteTeam "Paul Keres"]
[BlackTeam "De Waagtoren"]
[WhiteTeamCountry "NED"]
[BlackTeamCountry "NED"]

1. c4 c5 2. Nc3 Nc6 3. g3 g6 4. Bg2 Bg7 5. d3 d6 6. a3 Rb8 7. e3 e5 8. Rb1 a5 9. Nd5 Nge7 10. Nxe7 Nxe7 11. b4 0-0 12. bxc5 dxc5 13. Ne2 Bf5 14. e4 Be6 15. Be3 Qd6 16. Nc3 Rfd8 17. 0-0 Qxd3 18. Nd5 Qxd1 19. Nxe7+ Kf8 20. Nxg6+ fxg6 21. Rfxd1 Rxd1+ 22. Rxd1 Kf7 23. Bf1 Bf8 24. f4 Bg4 25. Rb1 b6 26. fxe5 Be7 27. Kf2 g5 28. Bd2 Ke6 29. h3 Rf8+ 30. Kg1 Bf3 31. Rxb6+ Kxe5 32. Bc3+ Kxe4 33. Re6+ 1-0

[Event "NED-ch Blitz Final"]
[Site "Rotterdam"]
[Date "2023.09.09"]
[Round "5"]
[White "Warmerdam, Max"]
[Black "Ten Hertog, Hugo"]
[Result "1-0"]
[WhiteElo "2633"]
[BlackElo "2523"]
[PlyCount "73"]
[EventDate "2023.09.09"]
[EventType "tourn (blitz)"]
[EventRounds "11"]
[EventCountry "NED"]
[EventCategory "9"]
[SourceTitle "EXT 2024"]
[Source "ChessBase"]
[SourceDate "2023.10.10"]
[SourceVersion "1"]
[SourceVersionDate "2023.10.10"]
[SourceQuality "1"]

1. Nf3 g6 2. g3 Bg7 3. d4 d6 4. Bg2 e5 5. c4 Nd7 6. Nc3 Ne7 7. 0-0 0-0 8. e4 h6 9. dxe5 Nxe5 10. Nxe5 dxe5 11. Be3 Bd7 12. Qd2 Kh7 13. Rfd1 Bg4 14. f3 Be6 15. Bc5 Nc6 16. Bxf8 Qxf8 17. b3 h5 18. Qf2 h4 19. Rd3 Nd4 20. Nb5 c5 21. Nxd4 cxd4 22. f4 Qe7 23. f5 Bd7 24. Rf3 Qg5 25. gxh4 Qh5 26. Rf1 Bc6 27. Rg3 Rg8 28. Rg5 Qh6 29. fxg6+ fxg6 30. Qg3 Rd8 31. h5 gxh5 32. Rf7 Rg8 33. Qxe5 d3 34. Qf5+ Kh8 35. Rxh5 d2 36. Rxh6+ Bxh6 37. Qh7# 1-0

[Event "Utrecht OKU op 48th"]
[Site "Utrecht"]
[Date "2023.05.20"]
[Round "4"]
[White "Ten Hertog, Hugo"]
[Black "Grutter, Tim"]
[Result "1-0"]
[WhiteElo "2526"]
[BlackElo "2338"]
[PlyCount "55"]
[EventDate "2023.05.19"]
[EventType "swiss"]
[EventRounds "6"]
[EventCountry "NED"]
[SourceTitle "CBM 214 Extra"]
[Source "ChessBase"]
[SourceDate "2023.07.31"]
[SourceVersion "1"]
[SourceVersionDate "2023.07.31"]
[SourceQuality "1"]

1. c4 Nf6 2. Nc3 g6 3. g3 Bg7 4. Bg2 0-0 5. d3 d6 6. Rb1 a5 7. e4 e5 8. Nge2 Nc6 9. 0-0 Nd7 10. f4 exf4 11. gxf4 f5 12. Be3 Nc5 13. e5 g5 14. exd6 cxd6 15. d4 Ne4 16. fxg5 Nxg5 17. Qd2 Ne4 18. Nxe4 fxe4 19. Ng3 Bg4 20. Rxf8+ Qxf8 21. Rf1 Qe7 22. Rf4 Qd7 23. Nxe4 Re8 24. Ng5 Bh5 25. Qd3 Bh6 26. Bd5+ Kh8 27. Rf7 Qg4+ 28. Kh1 1-0

[Event "NED-chT 2223"]
[Site "Netherlands"]
[Date "2023.04.22"]
[Round "9.1"]
[White "Jansen, Bob"]
[Black "Ten Hertog, Hugo"]
[Result "1/2-1/2"]
[WhiteElo "2175"]
[BlackElo "2528"]
[PlyCount "72"]
[EventDate "2022.09.17"]
[EventType "team-tourn"]
[EventRounds "9"]
[EventCountry "NED"]
[SourceTitle "EXT 2024"]
[Source "ChessBase"]
[SourceDate "2023.10.10"]
[SourceVersion "1"]
[SourceVersionDate "2023.10.10"]
[SourceQuality "1"]
[WhiteTeam "De Stukkenjagers"]
[BlackTeam "Paul Keres"]
[WhiteTeamCountry "NED"]
[BlackTeamCountry "NED"]

1. e4 g6 2. d4 Bg7 3. Nc3 d6 4. h4 h5 5. Be3 c6 6. Qd2 b5 7. a3 Nf6 8. f3 Qc7 9. Bd3 a6 10. Nd1 c5 11. c3 Nc6 12. Nf2 Nd7 13. Ne2 Na5 14. Rd1 Nb6 15. 0-0 Nbc4 16. Bxc4 Nxc4 17. Qc1 e5 18. dxc5 dxc5 19. Nd3 Nxe3 20. Qxe3 Bh6 21. Qf2 c4 22. Nb4 0-0 23. Nd5 Qa7 24. g4 hxg4 25. fxg4 Bg7 26. g5 Bg4 27. Rd2 Qxf2+ 28. Rxf2 Rfd8 29. Ng3 Kf8 30. Nf1 Ra7 31. Nfe3 Bc8 32. Kg2 Rad7 33. Rd1 Rd6 34. h5 gxh5 35. Rh1 Rg6 36. Rxh5 Be6 1/2-1/2

[Event "MrDodgy Online Inv Gp-A 3rd"]
[Site "Chess.com INT"]
[Date "2022.11.25"]
[Round "14"]
[White "Dubov, Daniil"]
[Black "Ten Hertog, Hugo"]
[Result "1-0"]
[WhiteElo "2708"]
[BlackElo "2528"]
[PlyCount "61"]
[EventDate "2022.11.25"]
[EventType "tourn (blitz)"]
[EventRounds "15"]
[EventCountry "GER"]
[EventCategory "15"]
[SourceTitle "CBM 211 Extra"]
[Source "ChessBase"]
[SourceDate "2023.01.31"]
[SourceVersion "1"]
[SourceVersionDate "2023.01.31"]
[SourceQuality "1"]

1. e4 g6 2. d4 Bg7 3. Nf3 d6 4. Nc3 a6 5. Bc4 e6 6. Bg5 Ne7 7. Qd2 h6 8. Be3 Nd7 9. a4 b6 10. Bb3 Bb7 11. 0-0 g5 12. Ne1 Ng6 13. f3 Qf6 14. Ne2 Nf4 15. c3 Nxe2+ 16. Qxe2 e5 17. Nc2 Qg6 18. Nb4 exd4 19. cxd4 c5 20. Bd5 Bxd5 21. Nxd5 Ra7 22. Rad1 Qe6 23. dxc5 bxc5 24. f4 gxf4 25. Nxf4 Qe5 26. Nh5 Qxb2 27. Nxg7+ Qxg7 28. Rxd6 Ne5 29. Bxc5 Rc7 30. Rd5 Ng4 31. Qxa6 1-0

[Event "MrDodgy Online Inv Gp-A 3rd"]
[Site "Chess.com INT"]
[Date "2022.11.25"]
[Round "5"]
[White "Supi, Luis Paulo"]
[Black "Ten Hertog, Hugo"]
[Result "1-0"]
[WhiteElo "2612"]
[BlackElo "2528"]
[PlyCount "79"]
[EventDate "2022.11.25"]
[EventType "tourn (blitz)"]
[EventRounds "15"]
[EventCountry "GER"]
[EventCategory "15"]
[SourceTitle "CBM 211 Extra"]
[Source "ChessBase"]
[SourceDate "2023.01.31"]
[SourceVersion "1"]
[SourceVersionDate "2023.01.31"]
[SourceQuality "1"]

1. e4 g6 2. d4 Bg7 3. c3 d6 4. Bd3 e5 5. Nf3 Nc6 6. h3 Nge7 7. 0-0 0-0 8. dxe5 Nxe5 9. Nxe5 dxe5 10. Bc4 Bd7 11. Bg5 h6 12. Be3 Bc6 13. Nd2 Nc8 14. Qc2 Nd6 15. Bb3 a5 16. a3 Kh8 17. f4 exf4 18. Bxf4 Qe7 19. Rae1 Rae8 20. Kh1 f5 21. e5 Ne4 22. Nxe4 Bxe4 23. Rxe4 fxe4 24. Qxe4 Qxe5 25. Qxg6 Qe2 26. Rf3 Rf6 27. Qg4 Ref8 28. Kh2 Qe4 29. Rg3 Rg6 30. Qxg6 Qxg6 31. Rxg6 Rxf4 32. Kg1 Re4 33. Kf1 Rf4+ 34. Ke2 a4 35. Bd5 Rf5 36. Bc4 b5 37. Bd3 Re5+ 38. Kf3 c5 39. Rc6 c4 40. Rc8+ 1-0

[Event "MrDodgy Online Inv Gp-A 3rd"]
[Site "Chess.com INT"]
[Date "2022.11.25"]
[Round "13"]
[White "Ten Hertog, Hugo"]
[Black "Grischuk, Alexander"]
[Result "0-1"]
[WhiteElo "2528"]
[BlackElo "2745"]
[PlyCount "48"]
[EventDate "2022.11.25"]
[EventType "tourn (blitz)"]
[EventRounds "15"]
[EventCountry "GER"]
[EventCategory "15"]
[SourceTitle "CBM 211 Extra"]
[Source "ChessBase"]
[SourceDate "2023.01.31"]
[SourceVersion "1"]
[SourceVersionDate "2023.01.31"]
[SourceQuality "1"]

1. c4 e5 2. Nc3 Bb4 3. Qc2 Nf6 4. Nf3 Qe7 5. a3 Bxc3 6. Qxc3 d6 7. d4 e4 8. Ng1 h6 9. e3 a5 10. b3 0-0 11. Bb2 d5 12. Ne2 c6 13. Nf4 Rd8 14. Be2 g5 15. Nh5 Nxh5 16. Bxh5 g4 17. h3 Qh4 18. 0-0-0 Qxh5 19. hxg4 Qg6 20. Rh4 Bxg4 21. f3 exf3 22. gxf3 Bxf3 23. Rf1 Bg4 24. e4 Qg5+ 0-1

[Event "MrDodgy Online Inv Gp-A 3rd"]
[Site "Chess.com INT"]
[Date "2022.11.25"]
[Round "15"]
[White "Ten Hertog, Hugo"]
[Black "Keymer, Vincent"]
[Result "0-1"]
[WhiteElo "2528"]
[BlackElo "2698"]
[PlyCount "74"]
[EventDate "2022.11.25"]
[EventType "tourn (blitz)"]
[EventRounds "15"]
[EventCountry "GER"]
[EventCategory "15"]
[SourceTitle "CBM 211 Extra"]
[Source "ChessBase"]
[SourceDate "2023.01.31"]
[SourceVersion "1"]
[SourceVersionDate "2023.01.31"]
[SourceQuality "1"]

1. g3 d5 2. Bg2 c6 3. d3 e5 4. e4 Nf6 5. Nc3 Bb4 6. Bd2 0-0 7. a3 Ba5 8. Nge2 d4 9. Nb1 c5 10. b4 Bb6 11. 0-0 Nc6 12. h3 a6 13. Kh2 h5 14. f4 h4 15. f5 Nh7 16. gxh4 Qxh4 17. Be1 Qe7 18. Nd2 Bd8 19. Nf3 cxb4 20. axb4 Nxb4 21. Rg1 Bd7 22. Qb1 Nc6 23. Qc1 Rc8 24. Ng3 Nb4 25. Bxb4 Qxb4 26. Nh5 Kh8 27. c4 dxc3 28. Nxg7 Kxg7 29. Bh1+ Kh8 30. Qh6 Bf6 31. Rab1 Qc5 32. Rg2 Rg8 33. Rbg1 Rxg2+ 34. Rxg2 Rg8 35. Rg6 c2 36. Rxf6 Qf2+ 37. Bg2 Qxg2# 0-1

[Event "MrDodgy Online Inv Gp-A 3rd"]
[Site "Chess.com INT"]
[Date "2022.11.25"]
[Round "11"]
[White "Ten Hertog, Hugo"]
[Black "Williams, Simon Kim"]
[Result "1-0"]
[WhiteElo "2528"]
[BlackElo "2467"]
[PlyCount "39"]
[EventDate "2022.11.25"]
[EventType "tourn (blitz)"]
[EventRounds "15"]
[EventCountry "GER"]
[EventCategory "15"]
[SourceTitle "CBM 211 Extra"]
[Source "ChessBase"]
[SourceDate "2023.01.31"]
[SourceVersion "1"]
[SourceVersionDate "2023.01.31"]
[SourceQuality "1"]

1. e4 c5 2. Nc3 Nc6 3. Nge2 g6 4. d4 cxd4 5. Nxd4 Bg7 6. Nb3 d6 7. Be2 Nf6 8. Be3 0-0 9. g4 Be6 10. g5 Nd7 11. h4 Na5 12. Nd4 Bc4 13. h5 Rc8 14. hxg6 hxg6 15. Bg4 Ba6 16. Qf3 Re8 17. Ne6 Ne5 18. Qh3 fxe6 19. Bxe6+ Kf8 20. Qh7 1-0

[Event "MrDodgy Online Inv Gp-A 3rd"]
[Site "Chess.com INT"]
[Date "2022.11.25"]
[Round "1"]
[White "Van Foreest, Jorden"]
[Black "Ten Hertog, Hugo"]
[Result "1-0"]
[WhiteElo "2690"]
[BlackElo "2528"]
[PlyCount "93"]
[EventDate "2022.11.25"]
[EventType "tourn (blitz)"]
[EventRounds "15"]
[EventCountry "GER"]
[EventCategory "15"]
[SourceTitle "CBM 211 Extra"]
[Source "ChessBase"]
[SourceDate "2023.01.31"]
[SourceVersion "1"]
[SourceVersionDate "2023.01.31"]
[SourceQuality "1"]

1. e4 g6 2. d4 Bg7 3. Nf3 d6 4. Be2 Nd7 5. 0-0 e5 6. dxe5 dxe5 7. Nc3 Ngf6 8. h3 0-0 9. Be3 c6 10. a4 a5 11. Bc4 Qe7 12. Qe2 h6 13. Rad1 Nh5 14. Ba2 Nc5 15. Qc4 Ne6 16. Ne2 Nhf4 17. Nxf4 exf4 18. Bc1 Ng5 19. Nxg5 hxg5 20. Qe2 Be6 21. Bxe6 Qxe6 22. Rd3 f5 23. Re1 Rae8 24. f3 Qc4 25. b3 Qc5+ 26. Qf2 Qe7 27. Bd2 Qc7 28. exf5 gxf5 29. Rxe8 Rxe8 30. Qc5 Re5 31. Qc4+ Kh7 32. h4 Qe7 33. b4 Re1+ 34. Kh2 g4 35. Bxe1 Qxe1 36. fxg4 fxg4 37. Rd7 Qxh4+ 38. Kg1 Qe1+ 39. Qf1 Qe3+ 40. Kh1 Qe6 41. Qd3+ Kg8 42. Rd8+ Bf8 43. Qb3 Qxb3 44. cxb3 axb4 45. Rd4 f3 46. Rxg4+ Kf7 47. gxf3 1-0

[Event "NED-chT 2223"]
[Site "Netherlands"]
[Date "2022.11.05"]
[Round "3.1"]
[White "Ris, Robert"]
[Black "Ten Hertog, Hugo"]
[Result "0-1"]
[WhiteElo "2465"]
[BlackElo "2528"]
[PlyCount "50"]
[EventDate "2022.09.17"]
[EventType "team-tourn"]
[EventRounds "9"]
[EventCountry "NED"]
[SourceTitle "CBM 213 Extra"]
[Source "ChessBase"]
[SourceDate "2023.05.31"]
[SourceVersion "1"]
[SourceVersionDate "2023.05.31"]
[SourceQuality "1"]
[WhiteTeam "Amstelveen Zukertort"]
[BlackTeam "Paul Keres"]
[WhiteTeamCountry "NED"]
[BlackTeamCountry "NED"]

1. e4 c6 2. Nc3 d5 3. Nf3 dxe4 4. Nxe4 Nf6 5. Qe2 Na6 6. Nxf6+ gxf6 7. c3 Qd5 8. g3 Bg4 9. Bg2 0-0-0 10. h3 Bh5 11. d4 e5 12. g4 exd4 13. gxh5 d3 14. Qf1 Nb4 15. Nd4 Qc4 16. Be3 Rxd4 17. Bxd4 Nc2+ 18. Kd2 Nxd4 19. Be4 Nf3+ 20. Ke3 Ne5 21. Bf5+ Kb8 22. f4 Qc5+ 23. Kd2 Nc4+ 24. Kxd3 Qxf5+ 25. Kxc4 Qd5# 0-1

[Event "Utrecht Keres Memorial"]
[Site "Utrecht"]
[Date "2022.05.29"]
[Round "6"]
[White "Pham, Khoi"]
[Black "Ten Hertog, Hugo"]
[Result "1/2-1/2"]
[WhiteElo "2291"]
[BlackElo "2526"]
[PlyCount "91"]
[EventDate "2022.05.27"]
[EventType "swiss"]
[EventRounds "6"]
[EventCountry "NED"]
[SourceTitle "CBM 208 Extra"]
[Source "ChessBase"]
[SourceDate "2022.07.31"]
[SourceVersion "1"]
[SourceVersionDate "2022.07.31"]
[SourceQuality "1"]

1. e4 g6 2. d4 d6 3. Nf3 Nf6 4. Bd3 Nc6 5. c3 e5 6. h3 Bg7 7. 0-0 0-0 8. Re1 h6 9. Be3 exd4 10. cxd4 Nb4 11. Nc3 Nxd3 12. Qxd3 Re8 13. d5 Bd7 14. Rad1 a6 15. Bf4 Rc8 16. Qd2 g5 17. Bh2 g4 18. hxg4 Nxg4 19. Bg3 Qf6 20. Nd4 h5 21. Bf4 Qg6 22. f3 Ne5 23. Qf2 f5 24. Qg3 Qxg3 25. Bxg3 fxe4 26. Nxe4 Nc4 27. b3 Nb6 28. Ne2 Rf8 29. Bf2 Be5 30. Bxb6 cxb6 31. Nd4 Rfe8 32. f4 Bxd4+ 33. Rxd4 Kg7 34. Re2 Bg4 35. Red2 Red8 36. Kf2 b5 37. Kg3 Kg6 38. Kh4 Rc1 39. Ng3 Re8 40. Rf2 Re3 41. f5+ Bxf5 42. Rdf4 Bg4 43. Rf6+ Kg7 44. Rf7+ Kg8 45. Rf8+ Kg7 46. R8f7+ 1/2-1/2

[Event "Utrecht Keres Memorial"]
[Site "Utrecht"]
[Date "2022.05.27"]
[Round "1"]
[White "Ten Hertog, Hugo"]
[Black "Van der Velde, Henk"]
[Result "1-0"]
[WhiteElo "2526"]
[BlackElo "2083"]
[PlyCount "65"]
[EventDate "2022.05.27"]
[EventType "swiss"]
[EventRounds "6"]
[EventCountry "NED"]
[SourceTitle "CBM 208 Extra"]
[Source "ChessBase"]
[SourceDate "2022.07.31"]
[SourceVersion "1"]
[SourceVersionDate "2022.07.31"]
[SourceQuality "1"]

1. e4 c6 2. d4 d5 3. e5 Bf5 4. h4 h5 5. c4 e6 6. Nc3 Nd7 7. cxd5 cxd5 8. Qb3 Rb8 9. Bg5 Be7 10. Nf3 a6 11. Be2 Nh6 12. Bxe7 Qxe7 13. Ng5 Bg6 14. g3 Nf5 15. Rd1 b5 16. Bf3 Rc8 17. 0-0 0-0 18. Ne2 Rc4 19. Rd2 f6 20. Nxe6 Qxe6 21. Nf4 Qe8 22. Bxd5+ Kh7 23. e6 Nb6 24. Be4 Ne7 25. Nxg6 Nxg6 26. Qf3 Kh6 27. b3 Rc7 28. d5 Re7 29. Qe3+ Kh7 30. Qxb6 f5 31. Bc2 Qd8 32. Qxd8 Rxd8 33. Bxf5 1-0

[Event "NED-chT Cup"]
[Site "Apeldoorn"]
[Date "2022.05.26"]
[Round "1.2"]
[White "Ten Hertog, Hugo"]
[Black "Warmerdam, Max"]
[Result "0-1"]
[WhiteElo "2526"]
[BlackElo "2614"]
[PlyCount "90"]
[EventDate "2022.05.26"]
[EventType "team-k.o."]
[EventRounds "2"]
[EventCountry "NED"]
[SourceTitle "CBM 208 Extra"]
[Source "ChessBase"]
[SourceDate "2022.07.31"]
[SourceVersion "1"]
[SourceVersionDate "2022.07.31"]
[SourceQuality "1"]
[WhiteTeam "Paul Keres"]
[BlackTeam "Apeldoorn"]
[WhiteTeamCountry "NED"]
[BlackTeamCountry "NED"]

1. c4 e6 2. Nf3 d5 3. e3 Nf6 4. b3 Bd6 5. Bb2 0-0 6. Nc3 b6 7. Rc1 a6 8. Be2 Bb7 9. cxd5 exd5 10. 0-0 Nbd7 11. Qc2 Re8 12. h3 Rc8 13. Rfd1 Qe7 14. Qb1 c5 15. d4 c4 16. a4 Bb4 17. Nd2 b5 18. axb5 axb5 19. bxc4 dxc4 20. Bf3 Rb8 21. Bxb7 Rxb7 22. Qf5 Bxc3 23. Rxc3 Nb6 24. Rc2 Na4 25. Ba1 g6 26. Qf3 Rd7 27. Rb1 Rd5 28. Nxc4 bxc4 29. Rxc4 Ra5 30. d5 Nd7 31. Bd4 Nac5 32. Rbc1 Ne4 33. Rc8 Ra8 34. Rxa8 Rxa8 35. d6 Qe6 36. g3 Re8 37. Rc7 Qxd6 38. Ra7 h5 39. g4 h4 40. Kg2 Qd5 41. Kg1 Nf8 42. Qf4 Ng5 43. Qf6 Nf3+ 44. Kf1 Nxd4 45. exd4 Qh1# 0-1

[Event "Titled Tuesday intern op 01st Feb-A"]
[Site "Chess.com INT"]
[Date "2022.02.01"]
[Round "6"]
[White "Jones, Gawain C B"]
[Black "Ten Hertog, Hugo"]
[Result "1-0"]
[WhiteElo "2671"]
[BlackElo "2524"]
[PlyCount "59"]
[EventDate "2022.02.01"]
[EventType "swiss (blitz)"]
[EventRounds "11"]
[EventCountry "USA"]
[SourceTitle "CBM 206 Extra"]
[Source "ChessBase"]
[SourceDate "2022.03.31"]
[SourceVersion "1"]
[SourceVersionDate "2022.03.31"]
[SourceQuality "1"]

1. Nf3 g6 2. e4 Bg7 3. d4 d6 4. Nc3 a6 5. Be3 Nd7 6. h3 b5 7. a3 Bb7 8. Qd2 Rc8 9. 0-0-0 c5 10. dxc5 Nxc5 11. Bd4 Nf6 12. e5 dxe5 13. Bxe5 Qb6 14. Bd4 Qc7 15. Be5 Qb6 16. Bd4 Bxf3 17. gxf3 Qc7 18. Kb1 0-0 19. Qe3 Ne6 20. Be5 Qb7 21. h4 b4 22. axb4 Qxb4 23. Na2 Qb7 24. Bh3 Rc6 25. h5 Rfc8 26. hxg6 hxg6 27. Rd2 Nd5 28. Rxd5 Rxc2 29. Bxg7 Qxd5 30. Bxe6 1-0

[Event "Titled Tuesday intern op 01st Feb-A"]
[Site "Chess.com INT"]
[Date "2022.02.01"]
[Round "2"]
[White "Ten Hertog, Hugo"]
[Black "Pandey, Srishti"]
[Result "1-0"]
[WhiteElo "2524"]
[BlackElo "2177"]
[PlyCount "63"]
[EventDate "2022.02.01"]
[EventType "swiss (blitz)"]
[EventRounds "11"]
[EventCountry "USA"]
[SourceTitle "CBM 206 Extra"]
[Source "ChessBase"]
[SourceDate "2022.03.31"]
[SourceVersion "1"]
[SourceVersionDate "2022.03.31"]
[SourceQuality "1"]

1. g3 Nf6 2. Bg2 c6 3. e4 d5 4. e5 Nfd7 5. d4 e6 6. f4 c5 7. c3 b6 8. Nf3 Ba6 9. a3 Nc6 10. b4 Qc7 11. Be3 f6 12. Nbd2 fxe5 13. fxe5 Be7 14. Rb1 Bd3 15. Rc1 0-0 16. Kf2 g5 17. h3 a5 18. b5 Bxb5 19. Kg1 h6 20. h4 g4 21. Nh2 h5 22. Nxg4 hxg4 23. Qxg4+ Kf7 24. Qh5+ Kg8 25. Qg6+ Kh8 26. Qh6+ Kg8 27. Qxe6+ Kh7 28. Qh6+ Kg8 29. Bxd5+ Rf7 30. Qg6+ Kh8 31. Bxf7 Nf8 32. Qg8# 1-0

[Event "Titled Tuesday intern op 04th Jan"]
[Site "Chess.com INT"]
[Date "2022.01.04"]
[Round "4"]
[White "Maghsoodloo, Parham"]
[Black "Ten Hertog, Hugo"]
[Result "0-1"]
[WhiteElo "2701"]
[BlackElo "2524"]
[PlyCount "114"]
[EventDate "2022.01.04"]
[EventType "swiss (blitz)"]
[EventRounds "11"]
[EventCountry "USA"]
[SourceTitle "EXT 2023"]
[Source "ChessBase"]
[SourceDate "2022.10.05"]
[SourceVersion "1"]
[SourceVersionDate "2022.10.05"]
[SourceQuality "1"]

1. e4 g6 2. d4 Bg7 3. Nc3 d6 4. h4 h6 5. h5 g5 6. f4 gxf4 7. Bxf4 Nc6 8. Nf3 Bg4 9. Be3 Nf6 10. d5 Ne5 11. Be2 Nxf3+ 12. Bxf3 Bxf3 13. gxf3 Nd7 14. Bd4 Bxd4 15. Qxd4 Rg8 16. 0-0-0 Nf6 17. Rdg1 Rxg1+ 18. Qxg1 Kd7 19. Qe3 Qg8 20. Ne2 Qg5 21. Kd2 Qxe3+ 22. Kxe3 Rg8 23. Kf2 e6 24. c4 c6 25. dxe6+ fxe6 26. Ng3 Rf8 27. Rd1 Ng4+ 28. Ke2 Ne5 29. c5 Rxf3 30. Rxd6+ Ke7 31. Nh1 Rh3 32. Nf2 Rxh5 33. Rd1 a5 34. a3 Rh2 35. Rg1 h5 36. Ke3 Ng4+ 37. Nxg4 hxg4 38. b4 axb4 39. a4 Ra2 40. Rxg4 Rxa4 41. Rg7+ Kf6 42. Rxb7 Ke5 43. Kd3 Ra3+ 44. Kc4 Re3 45. Rd7 Rxe4+ 46. Kb3 Rd4 47. Rh7 Kd5 48. Rh5+ e5 49. Ka4 Re4 50. Rh1 Kxc5 51. Ka5 Rc4 52. Re1 Kd5 53. Ka4 c5 54. Rh1 Rd4 55. Kb5 b3 56. Rh8 Rb4+ 57. Ka5 b2 0-1

[Event "Titled Tuesday intern op 09th Nov"]
[Site "Chess.com INT"]
[Date "2021.11.09"]
[Round "8"]
[White "Shirazi, Kamran"]
[Black "Ten Hertog, Hugo"]
[Result "1-0"]
[WhiteElo "2325"]
[BlackElo "2522"]
[PlyCount "45"]
[EventDate "2021.11.09"]
[EventType "swiss (blitz)"]
[EventRounds "11"]
[EventCountry "USA"]
[SourceTitle "CBM 205 Extra"]
[Source "ChessBase"]
[SourceDate "2022.01.31"]
[SourceVersion "1"]
[SourceVersionDate "2022.01.31"]
[SourceQuality "1"]

1. e3 g6 2. d4 Bg7 3. h4 Nf6 4. h5 Nxh5 5. Rxh5 gxh5 6. Qxh5 d6 7. Bc4 e6 8. Nf3 Qf6 9. Qh2 Nc6 10. Nc3 Bd7 11. d5 Ne5 12. dxe6 Nxf3+ 13. gxf3 fxe6 14. Ne4 Qxf3 15. Ng5 Qg4 16. e4 Be5 17. Qh6 0-0-0 18. Bxe6 Qg1+ 19. Ke2 Rhf8 20. Bxd7+ Kxd7 21. Qe6+ Kc6 22. Qd5+ Kb6 23. Be3+ 1-0

[Event "NED-ch KO"]
[Site "Hoogeveen"]
[Date "2021.10.20"]
[Round "2.2"]
[White "Van den Doel, Erik"]
[Black "Ten Hertog, Hugo"]
[Result "1/2-1/2"]
[WhiteElo "2604"]
[BlackElo "2516"]
[PlyCount "86"]
[EventDate "2021.10.15"]
[EventType "k.o."]
[EventRounds "3"]
[EventCountry "NED"]
[SourceTitle "EXT 2023"]
[Source "ChessBase"]
[SourceDate "2022.10.05"]
[SourceVersion "1"]
[SourceVersionDate "2022.10.05"]
[SourceQuality "1"]

1. e4 c6 2. d4 d5 3. exd5 cxd5 4. Bd3 Nf6 5. h3 g6 6. Nf3 Bf5 7. Be2 Nc6 8. c3 e6 9. Bf4 Nh5 10. Be5 f6 11. Bh2 Bd6 12. 0-0 Bxh2+ 13. Nxh2 Nf4 14. Re1 Qd6 15. Bf1 h5 16. Na3 0-0-0 17. Rc1 Kb8 18. Nc2 e5 19. Ne3 Bc8 20. dxe5 fxe5 21. c4 d4 22. c5 Qf6 23. Nc4 g5 24. b4 Nxb4 25. Nxe5 d3 26. c6 Rh7 27. Qd2 Nxc6 28. Nxc6+ bxc6 29. Nf3 Nxh3+ 30. gxh3 Qxf3 31. Bg2 Qf4 32. Qa5 Rc7 33. Bxc6 Bb7 34. Rb1 Qd6 35. Bg2 d2 36. Red1 Kc8 37. Qxg5 Bxg2 38. Kxg2 Qd5+ 39. Qxd5 Rxd5 40. Rb2 Rcd7 41. Kf1 Kc7 42. Ke2 Re7+ 43. Kf1 Red7 1/2-1/2

[Event "NED-ch KO"]
[Site "Hoogeveen"]
[Date "2021.10.20"]
[Round "2.4"]
[White "Van den Doel, Erik"]
[Black "Ten Hertog, Hugo"]
[Result "0-1"]
[WhiteElo "2604"]
[BlackElo "2516"]
[PlyCount "74"]
[EventDate "2021.10.15"]
[EventType "k.o."]
[EventRounds "3"]
[EventCountry "NED"]
[SourceTitle "EXT 2023"]
[Source "ChessBase"]
[SourceDate "2022.10.05"]
[SourceVersion "1"]
[SourceVersionDate "2022.10.05"]
[SourceQuality "1"]

1. d4 Nf6 2. Nf3 g6 3. Bg5 Bg7 4. Nbd2 0-0 5. c3 d6 6. e4 Nc6 7. Bd3 h6 8. Bh4 Nh5 9. 0-0 Nf4 10. Bc2 g5 11. Bg3 e5 12. dxe5 dxe5 13. Nc4 Qf6 14. Ne3 Ne7 15. Re1 c6 16. Bxf4 gxf4 17. Nf5 Nxf5 18. exf5 Bxf5 19. Nxe5 Rad8 20. Qb1 Be6 21. Bb3 Bf5 22. Bc2 Rfe8 23. Nf3 Rxe1+ 24. Nxe1 Bg4 25. Bh7+ Kh8 26. Qe4 Rd2 27. Nd3 Re2 28. Qxf4 Qxf4 29. Nxf4 Rxb2 30. Be4 Bxc3 31. h3 Rb4 32. Rc1 Bd2 33. Nd3 Rxe4 34. Rc2 Rd4 35. Ne5 Bf5 36. Rb2 Bf4 37. Nxf7+ Kg7 0-1